Human Resource Management. (Record no. 350398)
[ view plain ]
| 000 -LEADER | |
|---|---|
| fixed length control field | 00561nam a22002417a 4500 |
| 003 - CONTROL NUMBER IDENTIFIER | |
| control field | OSt |
| 005 - DATE AND TIME OF LATEST TRANSACTION | |
| control field | 20180116183016.0 |
| 008 - FIXED-LENGTH DATA ELEMENTS--GENERAL INFORMATION | |
| fixed length control field | 151009b xxu||||| |||| 00| 0 eng d |
| 020 ## - INTERNATIONAL STANDARD BOOK NUMBER | |
| International Standard Book Number | 9788131754269 |
| 022 ## - INTERNATIONAL STANDARD SERIAL NUMBER | |
| International Standard Serial Number | 9788131754269 |
| 040 ## - CATALOGING SOURCE | |
| Transcribing agency | 0 |
| 050 ## - LIBRARY OF CONGRESS CALL NUMBER | |
| Classification number | 658.3 |
| 082 ## - DEWEY DECIMAL CLASSIFICATION NUMBER | |
| Classification number | 658.3 |
| 100 ## - MAIN ENTRY--PERSONAL NAME | |
| Personal name | Dessler,Gary |
| 245 ## - TITLE STATEMENT | |
| Title | Human Resource Management. |
| Statement of responsibility, etc. | Gary Dessler |
| 250 ## - EDITION STATEMENT | |
| Edition statement | 12th. |
| 260 ## - PUBLICATION, DISTRIBUTION, ETC. | |
| Place of publication, distribution, etc. | Delhi |
| Name of publisher, distributor, etc. | PEARSON |
| Date of publication, distribution, etc. | 2015 |
| 300 ## - PHYSICAL DESCRIPTION | |
| Extent | 736p. |
| 500 ## - GENERAL NOTE | |
| General note | Paper Cover |
| 600 ## - SUBJECT ADDED ENTRY--PERSONAL NAME | |
| Personal name | Dessler,Gary |
| 700 ## - ADDED ENTRY--PERSONAL NAME | |
| Personal name | Dessler,Gary |
| 942 ## - ADDED ENTRY ELEMENTS (KOHA) | |
| Source of classification or shelving scheme | |
| Koha item type | Book |
| Call number prefix | 658.3 |
| Withdrawn status | Lost status | Source of classification or shelving scheme | Damaged status | Not for loan | Collection code | Permanent Location | Current Location | Shelving location | Date acquired | Total Checkouts | Total Renewals | Full call number | Barcode | Date last seen | Date last checked out | Price effective from | Koha item type |
|---|---|---|---|---|---|---|---|---|---|---|---|---|---|---|---|---|---|
| Central Library (CL) | Central Library (CL) | General Stacks | 10/09/2015 | 6 | 9 | 658.3 DES | NBS9526 | 06/08/2024 | 01/30/2024 | 10/09/2015 | Book | ||||||
| Central Library (CL) | Central Library (CL) | General Stacks | 12/28/2015 | 5 | 658.3 DES | NBS9918 | 06/10/2022 | 02/01/2022 | 12/28/2015 | Book | |||||||
| Central Library (CL) | Central Library (CL) | General Stacks | 12/28/2015 | 658.3 DES | NBS9919 | 10/27/2020 | 12/28/2015 | Book | |||||||||
| Central Library (CL) | Central Library (CL) | General Stacks | 12/28/2015 | 4 | 9 | 658.3 DES | NBS9920 | 03/03/2025 | 04/18/2019 | 12/28/2015 | Book | ||||||
| Central Library (CL) | Central Library (CL) | General Stacks | 12/28/2015 | 3 | 2 | 658.3 DES | NBS9921 | 03/25/2025 | 01/28/2019 | 12/28/2015 | Book | ||||||
| Central Library (CL) | Central Library (CL) | General Stacks | 12/28/2015 | 1 | 3 | 658.3 DES | NBS9922 | 10/21/2020 | 01/17/2017 | 12/28/2015 | Book | ||||||
| Central Library (CL) | Central Library (CL) | 02/28/2024 | 658.3 DES | QRCODE-9921 | 02/28/2024 | 02/28/2024 | Book |
